Our Quaid. (Record no. 349920)
[ view plain ]
| 000 -LEADER | |
|---|---|
| fixed length control field | 00622nam a22002417a 4500 |
| 003 - CONTROL NUMBER IDENTIFIER | |
| control field | OSt |
| 005 - DATE AND TIME OF LATEST TRANSACTION | |
| control field | 20180116183003.0 |
| 008 - FIXED-LENGTH DATA ELEMENTS--GENERAL INFORMATION | |
| fixed length control field | 150529b xxu||||| |||| 00| 0 eng d |
| 020 ## - INTERNATIONAL STANDARD BOOK NUMBER | |
| International Standard Book Number | 9789698535186 |
| 022 ## - INTERNATIONAL STANDARD SERIAL NUMBER | |
| International Standard Serial Number | 9789698535186 |
| 040 ## - CATALOGING SOURCE | |
| Transcribing agency | 0 |
| 050 ## - LIBRARY OF CONGRESS CALL NUMBER | |
| Classification number | 923.2549 |
| 082 ## - DEWEY DECIMAL CLASSIFICATION NUMBER | |
| Classification number | 923.2549 |
| 100 ## - MAIN ENTRY--PERSONAL NAME | |
| Personal name | Bazmi,Aslam |
| 245 ## - TITLE STATEMENT | |
| Title | Our Quaid. |
| Remainder of title | As Remembered and Reported. |
| Statement of responsibility, etc. | Aslam Bazmi |
| 250 ## - EDITION STATEMENT | |
| Edition statement | 1st. |
| 260 ## - PUBLICATION, DISTRIBUTION, ETC. | |
| Place of publication, distribution, etc. | Islamabad. |
| Name of publisher, distributor, etc. | National University of Sciences and Technology. |
| Date of publication, distribution, etc. | 2014 |
| 300 ## - PHYSICAL DESCRIPTION | |
| Extent | 166p. |
| 500 ## - GENERAL NOTE | |
| General note | Hard Cover |
| 600 ## - SUBJECT ADDED ENTRY--PERSONAL NAME | |
| Personal name | Bazmi,Aslam |
| 700 ## - ADDED ENTRY--PERSONAL NAME | |
| Personal name | Bazmi,Aslam |
| 942 ## - ADDED ENTRY ELEMENTS (KOHA) | |
| Source of classification or shelving scheme | |
| Koha item type | Book |
| Call number prefix | 923.2549 |
| Withdrawn status | Lost status | Source of classification or shelving scheme | Damaged status | Not for loan | Permanent Location | Current Location | Shelving location | Date acquired | Total Checkouts | Full call number | Barcode | Date last seen | Date last checked out | Price effective from | Koha item type |
|---|---|---|---|---|---|---|---|---|---|---|---|---|---|---|---|
| Central Library (CL) | Central Library (CL) | General Stacks | 05/29/2015 | 1 | 954.9040 BAZ | NBSD-2003 | 11/23/2017 | 08/29/2017 | 05/29/2015 | Book | |||||
| Central Library (CL) | Central Library (CL) | General Stacks | 05/29/2015 | 2 | 954.9040 BAZ | NBSD-2002 | 12/23/2022 | 12/23/2022 | 05/29/2015 | Book |
